Normal view
MARC view
Entry Término temático
001 - NÚMERO DE CONTROL
- campo de control: 34808
003 - IDENTIFICADOR DEL NÚMERO DE CONTROL
- campo de control: FranzMayer
005 - FECHA Y HORA DE LA ÚLTIMA TRANSACCIÓN
- campo de control: 20260601171016.0
008 - DATOS DE LONGITUD FIJA
- campo de control de longitud fija: 260601|| aca||aabn | a|a d
040 ## - FUENTE DE LA CATALOGACIÓN
- Centro catalogador/agencia de origen: FranzMayer
- Centro/agencia transcriptor: FranzMayer
150 ## - ENCABEZAMIENTO--TÉRMINO DE MATERIA
- Término de materia o nombre geográfico como elemento de entrada: Futuro (Predicción y prospectiva)
- Subdivisión general: Planificación social {dollar}v Estudios
670 ## - FUENTE DE DATOS ENCONTRADOS
- Cita de la fuente: Work cat.: (FranzMayer)20698: Boulding, Kenneth E. autor 33975, Man-Made Futures /, 1974.